000 01528nam a2200277Ia 4500
999 _c40632
_d40632
001 7260
003 GE_BSU
005 20191220162618.0
008 181216s2012||||ge |||||||||||||| ||geo||
040 _cGE_BSU
041 _ageo
080 _a1(063) ფ-56
245 _aფილოსოფიის აქტუალური საკითხები :
_b(ისტორია და თანამედროვეობა) : [კრებული] /
_c სარედ. კოლ.: მიხეილ მახარაძე (რედ.) [და სხვ.].
264 _aბათუმი :
_bშოთა რუსთაველის უნი-ტის გამ-ბა,
_c2012.
300 _a154 გვ.;
_b20 სმ.
541 _h3ლ.77თ
653 _aფილოსოფია
700 _aბერიძე, ვარდო
_eავტორი
_95884
700 _a შერვაშიძე, გული
_eავტორი
_95885
700 _a ასლანიძე, აბესალომ და სხვ.
_eავტორი
_95886
700 _aმახარაძე, მიხეილ
_eრედაქტორი
_95887
700 _aბერიძე, ვარდო
_eრედაქტორი
_95884
700 _a ზოსიძე, რომან
_95888
710 _aბათუმის სახელმწიფო უნივერსიტეტი.
_bფილოსოფიის დეპარტამენტი.
_95889
942 _cBK
_2udc